000 00220nam a2200121Ia 4500
100 _a#N/A
942 _cBK
245 _aann baker Tree or Three
260 _b#N/A
082 _b21636
546 _aENGLISH
999 _c28608
_d28608